000 00191nam a2200085Ia 4500
008 120527s9999 xx 000 0 und d
100 _aWoodworth.
245 _aDynamics of behavior
942 _cBK
999 _c27614
_d27614